000 00684pam a2200253 i 4500
001 14515
003 BD-RjUL
005 20211208235637.0
008 140206s1976 nyua 001 0 eng
020 _a0070496153 :
035 _a(BD-RjUL)14567
040 _aDLC
_cDLC
_dDLC
_dBD-RjUL
_beng
041 _aeng
082 0 0 _a657
_bPEU 1976
100 1 _aPeterson, Robert C.,
_d1921-
_945262
245 1 0 _aUnderstand accounting--fast /
_cRobert C. Peterson
260 _aNew York :
_bMcGraw-Hill,
_cc1976.
300 _axi, 107 p. :
_bill. ;
_c24 cm.
504 _aIncludes index.
650 0 _aAccounting.
_945263
942 _2ddc
_cBK
999 _c14515
_d14515